00541nam a2200181 a 45000010010000000030011000100080041000210350026000620820014000881000019001022450050001212600037001716500014002089420012002229520090002349980020003249990015003440000-9385ELIB.Books110520 1969  a(ELIB.Books)0000-9537 a251 bCri aCriswell, W.A. aWhy I Preach that the Bible Is Literally True bTennessee: Broadman Press c1969 aPreaching 2ddccBK 00102ddc4070aKBTSbKBTSd2011-05-20l0p6708r2022-01-22 00:00:00w2022-01-22yBK cbate2011-05-20 c9385d9385